Resoluciones

Gespeichert in:
Bibliographische Detailangaben
Format: Text
Veröffentlicht: San José
Tags: Tag hinzufügen
Keine Tags, Fügen Sie den ersten Tag hinzu!

MARC

LEADER 00000 a a2200000 04500
001 26790
003
040
090 |a 149800  
245 |a Resoluciones  
260 |a San José  
300 |a 30 p.  
999 |c 11015  |d 11015